1735 1436 1849 1975 1984 1259 1983 1438 1795 1136 1543 1277 1467 1397 1955 1371 1862 1115 1698 1828 1940 1726 1151 1092 1090 1665 1780 1897 1131 1619 1283 1775 1797 1856 1980 1175 1771 1840 1064 1868 1160 1789 1475 1185 1979 1692 1795 1407 1356 1085 1946 1253 1160 1638 1025 1379 1037 1125 1853 1119 1115 1093 1277 1501 1763 1969 1847 1425 1315 1232 1568 1527 1779 1118 1963 1463 1048 1989 1056 1959 1075 1528 1149 1930 1016 1806 1773 1189 1985 1183 1546 1025 1202 1921 1503 1078 1807 1501 1560 BCNSPRNW ULIB Ver.6.0+V

เปลี่ยนเป็นภาษาไทย

Change to English
 แสดงรายละเอียดบรรณานุกรม
  กลับหน้าหลัก

Brief Record : Get Marc (ISO 2709) : E-mail record : QR code < ปิดหน้าต่าง
LEADER : 00000nam 2200000uu 4500
001    13399127420
003     ULIB
008    200520s2562||||th 000 0 tha d
020    ู^a9786160038213
050  0 ^aนว^bม576ว
100    ^aมิณรญา
245    ^aวรรัก
250    ^aพิมพ์ครั้งที่ 1
260    ^aกรุงเทพฯ :^bพิมพ์คำ,^c2562
300    ^a448 หน้า;^b21 ซม.
650    ^aนวนิยาย
945    ^p310^l0^i007094
999    ^aประนอม เกษจรัล
รายการนี้ยังไม่มีแท็ก
คุณยังไม่ได้ล็อกอิน คุณสามารถมีกิจกรรมร่วมกับเว็บไซต์ได้ แต่ต้องล็อกอินก่อน ::
  ล็อกอิน

รายการสื่อสารสนเทศ

ลำดับที่ ประเภท เลขเรียก/บาร์โค้ด สถานที่ สถานะ
1. นวนิยาย
นวนิยาย
นว ม576ว ฉ.1 
  Barcode: 007094
ห้องสมุดวิทยาเขตสวรรค์ประชารักษ์
►หนังสือทั่วไป
บนชั้น

รายการใกล้เคียง
    ชื่อเรื่อง [วรรัก]

    ผู้แต่ง [มิณรญา]

    หัวเรื่อง [นวนิยาย]

BibComment


ยังไม่เคยถูกคอมเมนท์

คอมเมนท์ทรัพยากรรายการนี้
  คอมเมนท์: วรรัก


 Copyright 2026. Bcnsprnw @Library